The Uncertainty of Brexit and COVID-19 as Factors Determining EU Exports
Analýzu dopadov neistoty, ktorá sprevádzala dlhý a náročný proces odsúhlasovania podmienok obchodných vzťahov medzi EÚ a Spojeným kráľovstvom. V roku 2020 musela EÚ čeliť nielen Brexitu, ale aj príchodu globálnej pandémie COVID-19, ktorá spôsobila najhlbší pokles medzinárodného obchodu v histórii. P...
Guardado en:
| Autor principal: | |
|---|---|
| Otros Autores: | , |
| Formato: | Capítulo de libro |
| Lenguaje: | inglés |
| Materias: | |
| Etiquetas: |
Sin Etiquetas, Sea el primero en etiquetar este registro!
|
MARC
| LEADER | 00000naa a2200000 4500 | ||
|---|---|---|---|
| 001 | 0303536 | ||
| 005 | 20240812090711.4 | ||
| 041 | 0 | |a eng | |
| 044 | |a RO | ||
| 245 | 1 | 0 | |a The Uncertainty of Brexit and COVID-19 as Factors Determining EU Exports |c Zuzana Kittová, Dušan Steinhauser, Simona Krivosudská |
| 520 | |a Analýzu dopadov neistoty, ktorá sprevádzala dlhý a náročný proces odsúhlasovania podmienok obchodných vzťahov medzi EÚ a Spojeným kráľovstvom. V roku 2020 musela EÚ čeliť nielen Brexitu, ale aj príchodu globálnej pandémie COVID-19, ktorá spôsobila najhlbší pokles medzinárodného obchodu v histórii. Predmetom autorského záujmu bolo preskúmať nielen neistotu vyplývajúcu z Brexitu, ale aj pandémie COVID-19 spolu s ďalšími faktormi, ktoré ovplyvňujú export EÚ. | ||
| 610 | 2 | 0 | |a vývoz |
| 610 | 2 | 0 | |a koronavírus |
| 610 | 2 | 0 | |a brexit |
| 610 | 2 | 0 | |a vzťahy obchodné |
| 610 | 2 | 0 | |a analýza dát panelových |
| 100 | 1 | |a Kittová, Zuzana, 1975- | |
| 700 | 1 | |a Steinhauser, Dušan, 1988- | |
| 700 | 1 | |a Krivosudská, Simona, 1995- | |